Bharatiya arthanitir alushya bisoi (Record no. 8662)

MARC details
000 -LEADER
fixed length control field 00680cam a2200253ua 4500
001 - CONTROL NUMBER
control field 9642
005 - DATE AND TIME OF LATEST TRANSACTION
control field 20260515114514.0
008 - FIXED-LENGTH DATA ELEMENTS--GENERAL INFORMATION
fixed length control field 160311n ii |||gr||||Z||||||asm
020 ## - INTERNATIONAL STANDARD BOOK NUMBER
International Standard Book Number 9789382750222
040 ## - CATALOGING SOURCE
Transcribing agency MAIN
041 ## - LANGUAGE CODE
Language code of text/sound track or separate title asm
082 ## - DEWEY DECIMAL CLASSIFICATION NUMBER
Classification number 330.954
100 ## - MAIN ENTRY--PERSONAL NAME
Personal name Machey, Ashwini,
Relator term Author.
245 1# - TITLE STATEMENT
Title Bharatiya arthanitir alushya bisoi
Statement of responsibility, etc. by Ashwini Machey and others
250 ## - EDITION STATEMENT
Edition statement 1st ed.
260 ## - PUBLICATION, DISTRIBUTION, ETC.
Place of publication, distribution, etc. Dibrugarh:
Name of publisher, distributor, etc. Banalata,
Date of publication, distribution, etc. 2014.
300 ## - PHYSICAL DESCRIPTION
Extent 262p.
653 ## - INDEX TERM--UNCONTROLLED
Uncontrolled term Economics
653 ## - INDEX TERM--UNCONTROLLED
Uncontrolled term Indian economy
700 ## - ADDED ENTRY--PERSONAL NAME
Personal name Buragohain, Pranjal Pratim,
Relator term Author.
700 ## - ADDED ENTRY--PERSONAL NAME
Personal name Neog, Brajen Chandra,
Relator term Author.
700 ## - ADDED ENTRY--PERSONAL NAME
Personal name Lahon, Ratul Kumar,
Relator term Author.
942 ## - ADDED ENTRY ELEMENTS (KOHA)
Koha item type Books
Holdings
Withdrawn status Lost status Damaged status Not for loan Home library Current library Shelving location Date acquired Total checkouts Full call number Barcode Date last seen Date last checked out Copy number Price effective from Koha item type
        Naharkatiya College Library Naharkatiya College Library General stacks 09/19/2020 2 330.954 | BHA 23185 11/04/2023 10/19/2023 2 09/19/2020 Books
        Naharkatiya College Library Naharkatiya College Library General stacks 09/19/2020 2 330.954 | BHA 23186 12/05/2024 11/30/2024 1 09/19/2020 Books